000
00382nam a22000977a 4500
100
_a
चन्द्र,रमेश
_9
75674
245
_a
विश्व ज्ञान कोश
260
_a
दिल्ली
_b
आर्यावर्त संस्कृति संस्थान
_c
2018
650
_a
सामान्य ज्ञान
_9
328
942
_c
HIN
999
_c
63526
_d
63526